15 Ciudades más grandes de África en un mapa - Estadísticas

Estadísticas generales
  • Esta prueba ha sido intentada 39 veces
  • La puntuación promedio es 12 de 15
Respuestas en el mapa
Las respuestas están codificadas por una escala verde-roja en el mapa de la prueba según el % correcto abajo.
 
Estadísticas de respuestas
Pais Ciudad Población % Correcto
Senegal Dakar 3,2 million
97%
Nigeria Lagos 5,2 million
97%
Marruecos Casablanca 3,2 million
94%
Egipto El Cairo 9,8 million
94%
Sudáfrica Johannesburg 7,9 million
94%
Kenia Nairobi 4,4 million
94%
Sudáfrica Ciudad del Cabo 3,4 million
91%
Etiopia Adís Abeba 3,7 million
88%
Egipto Alejandría 5,3 million
82%
Angola Luanda 6,7 million
82%
Mali Bamako 4,2 million
79%
Tanzania Dar Es Salaam 5,4 million
76%
República Democrática del Congo Kinshasa 7,2 million
71%
Cabo de Marfil Abiyán 4,4 million
50%
Egipto Giza 4,4 million
35%
No se encontraron pruebas coincidentes
Distribución de puntuación
Porcentaje de gente con cada puntuación
Porcentaje por número respondido
Historial de tus puntuaciones
No has intentado esta prueba.